000
00254nam a2200097Ia 4500
001
1075333
005
20250827002236.0
008
250824s9999 xx 000 0 und d
245
0
_a
ORTADOĞUYA DAİR YİRMİ TEZ
_c
TAHA KILINÇ
260
_b
KETEBE YAYINLARI
999
_c
1075333
_d
1075333